| 000 | 00817cam a2200253 a 4500 | ||
|---|---|---|---|
| 001 | 000005471 | ||
| 005 | 20200929151704.0 | ||
| 008 | 981007s1998 sp b 000 f spa | ||
| 020 | _a8437616077 | ||
| 040 |
_aDO-SdBNP _cDLC _dDLC |
||
| 082 |
_a863.4 _bM777e |
||
| 100 | 1 |
_aMontengón, Pedro de, _d1745-1824. _915537 |
|
| 245 | 1 | 0 |
_aEusebio / _cPedro de Montengón ; edición de Fernándo García Lara. |
| 260 |
_aMadrid : _bCátedra, _c1998. |
||
| 300 |
_a993 p. ; _c18 cm. |
||
| 490 | 1 |
_aLetras hispánicas _v441 |
|
| 504 | _aIncluye referencias bibliográficas: (p. 69-78). | ||
| 650 | 4 |
_aNovela española _91123 |
|
| 650 | 4 |
_aLiteratura española _9632 |
|
| 700 | 1 |
_aGarcía Lara, Fernándo, _eed. _915538 |
|
| 830 | 0 |
_aLetras hispánicas ; _v441 _94208 |
|
| 910 | _aCatalogación por copia / LC | ||
| 910 | _aWM | ||
| 999 |
_c5270 _d5270 |
||